Сила и деформация в процессе резания металлов; Сборник тезисов докладов первой научной сессии вузов, объединенных Западно-Сибирским советом по координации научно-исследовательской работы (19-23 февраля 1963 г.); Вып. 2

Podrobná bibliografie
Parent link:Сборник тезисов докладов первой научной сессии вузов, объединенных Западно-Сибирским советом по координации научно-исследовательской работы (19-23 февраля 1963 г.): в 3 вып./ СССР, Министерство высшего и среднего специального образования ; гл. ред. К. В. Савицкий.— , 1963
Вып. 2.— 1963.— С. 84-86
Hlavní autor: Седоков Л. М.
Jazyk:ruština
Vydáno: 1963
Edice:Секция машиностроения
Témata:
Médium: MixedMaterials Kapitola
KOHA link:https://koha.lib.tpu.ru/cgi-bin/koha/opac-detail.pl?biblionumber=187181

MARC

LEADER 00000naa2a2200000 4500
001 187181
005 20231031173919.0
035 |a (RuTPU)RU\TPU\book\203105 
035 |a RU\TPU\tpu\6973 
090 |a 187181 
100 |a 20101111d1963 k y0rusy50 ca 
101 0 |a rus 
102 |a RU 
200 1 |a Сила и деформация в процессе резания металлов  |f Л. М. Седоков 
225 1 |a Секция машиностроения 
461 0 |0 (RuTPU)RU\TPU\book\168745  |t Сборник тезисов докладов первой научной сессии вузов, объединенных Западно-Сибирским советом по координации научно-исследовательской работы (19-23 февраля 1963 г.)  |o в 3 вып.  |f СССР, Министерство высшего и среднего специального образования ; гл. ред. К. В. Савицкий  |d 1963 
463 0 |0 (RuTPU)RU\TPU\book\103768  |t Вып. 2  |v С. 84-86  |d 1963  |p 163 с. 
610 1 |a машиностроение 
610 1 |a труды учёных ТПУ 
610 1 |a резание 
610 1 |a металлы 
610 1 |a обработка 
700 1 |a Седоков  |b Л. М. 
801 0 |a RU  |b 63413507  |c 20011210  |g PSBO 
801 2 |a RU  |b 63413507  |c 20180703  |g PSBO 
942 |c BK